skbl

Dr Suryya Kumar Bhuyan Library Web-OPAC
ডঃ সূৰ্য্য
কুমাৰ ভূঞা পুথিভঁৰাল ৱেব-অ'পেক

All Research Scholars are advised to clear the annual library fees to continue using Library Resources, Remote Access, Plagiarism Test and Library Clearance.

Cotton University Book Fair 2026

The Quantum Theory of Radiation / (Record no. 6196)

MARC details
000 -LEADER
fixed length control field 00950nam a2200349Ia 4500
001 - CONTROL NUMBER
control field 6209
005 - DATE AND TIME OF LATEST TRANSACTION
control field 20240113233907.0
007 - PHYSICAL DESCRIPTION FIXED FIELD--GENERAL INFORMATION
fixed length control field ta
008 - FIXED-LENGTH DATA ELEMENTS--GENERAL INFORMATION
fixed length control field 050625s1970 a g b000 u eng u
020 ## - INTERNATIONAL STANDARD BOOK NUMBER
Terms of availability HB
040 ## - CATALOGING SOURCE
Original cataloging agency Cotton College,Assam
041 ## - LANGUAGE CODE
Language code of text/sound track or separate title eng
082 ## - DEWEY DECIMAL CLASSIFICATION NUMBER
Classification number 535.1
Item number H 365 Qu
100 ## - MAIN ENTRY--PERSONAL NAME
Personal name Heitler, W. .
245 #0 - TITLE STATEMENT
Title The Quantum Theory of Radiation /
Statement of responsibility, etc. W. Heitler.
Medium Textual Documents
250 ## - EDITION STATEMENT
Edition statement 3rd ed. /
260 ## - PUBLICATION, DISTRIBUTION, ETC.
Place of publication, distribution, etc. Oxford :
Name of publisher, distributor, etc. Clarendon Press ,
Date of publication, distribution, etc. 1970.
300 ## - PHYSICAL DESCRIPTION
Extent xiii, 430p. :
Other physical details ill. ;
Dimensions 24cm .
440 ## - SERIES STATEMENT/ADDED ENTRY--TITLE
Title The International Series of Monographs n Physics,
490 ## - SERIES STATEMENT
Series statement The International Series of Monographs n Physics,
504 ## - BIBLIOGRAPHY, ETC. NOTE
Bibliography, etc. note Index
653 ## - INDEX TERM--UNCONTROLLED
Uncontrolled term Physics
653 ## - INDEX TERM--UNCONTROLLED
Uncontrolled term Quantum Theory-Radiation
653 ## - INDEX TERM--UNCONTROLLED
Uncontrolled term Radiation-Quantum Theory
653 ## - INDEX TERM--UNCONTROLLED
Uncontrolled term PG-Physics
653 ## - INDEX TERM--UNCONTROLLED
Uncontrolled term G-Physics
942 ## - ADDED ENTRY ELEMENTS (KOHA)
Source of classification or shelving scheme Dewey Decimal Classification
Koha item type Books
Holdings
Withdrawn status Lost status Damaged status Not for loan Collection Home library Current library Date acquired Coded location qualifier Total checkouts Full call number Barcode Date last seen Copy number Price effective from Koha item type
          Dr. Suryya Kumar Bhuyan Library Dr. Suryya Kumar Bhuyan Library 01/02/2012 00000   535.1 H 365 Qu 62445 25/06/2025 2 01/02/2012 Books
          Dr. Suryya Kumar Bhuyan Library Dr. Suryya Kumar Bhuyan Library 01/02/2012 00000   535.1 H 365 Qu 42525 13/01/2024 3 01/02/2012 Books
          Dr. Suryya Kumar Bhuyan Library Dr. Suryya Kumar Bhuyan Library 01/02/2012 00000   535.1 H 365 Qu 59881 13/01/2024 1 01/02/2012 Books

Designed and Maintained by Team SKBL
©1901-2026

Powered by Koha